000 00578nam a22002177a 4500
003 UA-OsUOA
001 86594
007 ta
008 20120906b un ||||| |||| 00| 0 ukr d
090 _a929:355(47+571)(092)
_bС89
942 _cBK
040 _aUA-OsUOA
_brus
_cUA-OsUOA
_dUA-OsUOA
245 _aСуворов А.В.
_cРед. Мещеряков Г. П.
_n4
300 _a789 с.
955 _a3
041 _arus
080 _a929:355(47+571)(092)
260 _aМ.
_bВоенное издательство МВС СССР
_c1953
650 7 _2UDC
999 _c372762
_d372762